Techniques of crown budding (Record no. 22461)

MARC details
000 -LEADER
fixed length control field 00277nam a2200109Ia 4500
082 ## - DEWEY DECIMAL CLASSIFICATION NUMBER
Classification number NR:63:631.533.3
Item number YOO;3
100 ## - MAIN ENTRY--AUTHOR NAME
Personal name Yoon, P K
245 #0 - TITLE STATEMENT
Title Techniques of crown budding
260 ## - PUBLICATION, DISTRIBUTION, ETC. (IMPRINT)
Place of publication Kuala Lumpur
Name of publisher RRIM
Year of publication 1973
942 ## - ADDED ENTRY ELEMENTS (KOHA)
Koha item type Books
Holdings
Withdrawn status Lost status Damaged status Not for loan Home library Current library Date acquired Full call number Accession Number Koha item type
        RRII Library RRII Library 16/12/2021 NR:63:631.533.3 YOO;3 03181 Books